Demografické stárnutí v Česku mezi lety 2012–2022 prostřednictvím vybraných retrospektivních a prospektivních ukazatelů
Demografické starnutie sa považuje za významný jav a jeden z najdôležitejších populačných problémov 21. storočia. Je to proces, ktorý nemá v ľudskej histórii obdobu, ale je úplne prirodzený. Samotné starnutie populácie je dôsledkom meniacej sa kvality života, nového prístupu k životnému štýlu a zlep...
Salvato in:
| Autore principale: | |
|---|---|
| Altri autori: | |
| Natura: | Capitolo di libro |
| Lingua: | ceco |
| Soggetti: | |
| Tags: |
Nessun Tag, puoi essere il primo ad aggiungerne!!
|
MARC
| LEADER | 00000naa a2200000 4500 | ||
|---|---|---|---|
| 001 | 0310772 | ||
| 005 | 20250612102407.4 | ||
| 041 | 0 | |a cze | |
| 044 | |a CZ | ||
| 245 | 1 | 0 | |a Demografické stárnutí v Česku mezi lety 2012–2022 prostřednictvím vybraných retrospektivních a prospektivních ukazatelů |c Filip Čábela, Luděk Šídlo |
| 520 | |a Demografické starnutie sa považuje za významný jav a jeden z najdôležitejších populačných problémov 21. storočia. Je to proces, ktorý nemá v ľudskej histórii obdobu, ale je úplne prirodzený. Samotné starnutie populácie je dôsledkom meniacej sa kvality života, nového prístupu k životnému štýlu a zlepšenia zdravotného stavu populácie, čo všetko vedie k zlepšeniu úrovne úmrtnosti, najmä v starobe. Koncept perspektívneho veku nie je založený na počte rokov, ktoré daná osoba už prežila, ale na počte rokov, ktoré ľuďom pravdepodobne ešte zostávajú žiť. Tento článok predstavuje koncept perspektívneho veku a vývoj perspektívnych ukazovateľov na príklade Českej republiky v rokoch 2012 až 2022, pričom sa zameriava na porovnanie retrospektívnych ukazovateľov s perspektívnymi. Článok tiež odhaľuje vplyv pandémie Covid-19 na ukazovatele demografického starnutia. | ||
| 610 | 2 | 0 | |a starnutie populácie |
| 610 | 2 | 0 | |a demografia |
| 610 | 2 | 0 | |a história |
| 610 | 2 | 0 | |a kvalita života |
| 610 | 2 | 0 | |a úmrtnosť |
| 610 | 2 | 0 | |a Česko |
| 100 | 1 | |a Čábela, Filip | |
| 700 | 1 | |a Šídlo, Luděk | |